Ideas: historia intelectual de la humanidad

Gespeichert in:
Bibliographische Detailangaben
1. Verfasser: Watson, Peter (VerfasserIn)
Format: Buch
Sprache:Spanisch
Veröffentlicht: Barcelona Crítica 2008
Ausgabe:1a. ed
Schriftenreihe:Serie Mayor
Schlagworte:
Tags: Tag hinzufügen
Keine Tags, Fügen Sie den ersten Tag hinzu!

MARC

LEADER 00000cam a2200000 a 4500
001 UCE5769
003 CL-VaPUC
008 150305e20081100sp |||||||||||||||||spa|d
020 |a 9788474239171 
082 0 4 |a 305.552  |b WAT  |2 21 
100 0 |a Watson, Peter  |e author  |9 578438 
245 1 0 |a Ideas: historia intelectual de la humanidad 
250 |a 1a. ed 
300 |a 1420 p 
942 |c BK 
945 |d 20150305 12:52:00  |a arojas 
260 |a Barcelona  |b Crítica  |c 2008 
650 0 |a Intelectuales  |9 262027 
650 7 |a DESARROLLO INTELECTUAL  |2 CL-VaPUC  |9 338908 
650 0 |a Civilización   |9 255823 
650 0 |a Historia social  |9 313638 
583 |a last modification  |c 20150305 12:52:00  |k Rodrigo Vera 
490 0 |a Serie Mayor 
999 |c 358374  |d 358372 
952 |0 0  |1 0  |3 erb  |4 0  |6 305_552000000000000_WAT_2008  |7 0  |8 R  |9 467019  |a BIBEDU  |b BIBEDU  |c MCIRC  |i 5137217  |l 2  |o 305.552 WAT 2008  |p 5137217  |r 2023-01-13  |s 2022-06-03  |w 2019-11-23  |y BK_R  |z Catalogado en:20150305  |k LIT